Datum a čas kvízu
43
Celkem bodů
Celkový počet nahraných bodů na tomto kvízu bez doplňovacích otázek.
1.
Pořadí na kvízu
Konečné umístění týmu na tomto kvízu.
Zaznamenané odpovědi
| # | Otázka | Odpověď | Body | Výsledky |
|---|---|---|---|---|
| 1. | Odborníci ze Západočeské unive... | sršeň (asijská) | 0 | |
| 2. | Které dva státy minulý týden v... | Bulharsko, Rumunsko | 1 | |
| 3. | Pondělní vyřizování účtů mezi... | Aleš Bejr | 1 | |
| 4. | V pondělí oznámila síň Heritag... | D) rám dveří, na němž se Rose zachránila | 1 | |
| 5. | Český snowboardista Radek Hous... | obarvit se na blond | 1 | |
| 6. | Věříme, že ovládáte velkou pal... | Drahá vlasti | 1 | |
| 7. | Kterou měnou se platí na ostro... | dánskou korunou | 0 | |
| 8. | Vyberte zemi, jejíž zkratka ná... | C | 1 | |
| 9. | Švýcarsko má čtyři úřední jazy... | 1D 2B 3A 4C | 1 | |
| 10. | Na snímku z letiště můžete spa... | Dublin | 1 |